000 01089nam a22001937a 4500
999 _c59104
_d59104
003 Ge_BSU
005 20221125120526.0
008 221125s1977ge xxu||||| |||| 00| 0 geo d
041 _ageo
080 _a821.222.1-1 ი-74
245 _aირანული პოეზია /
_c[შეადგინა, შესავალი წერილი და შენიშვნები დაურთო ვ. კოტეტიშვილმა] ; მთარგმნ.: გ. ახვლედიანი და სხვ
264 _aთბილისი :
_bსაბჭოთა საქართველო,
_c1977.
300 _a557 გვ. ;
_b 20 სმ.
440 _aმსოფლიო ლიტერატურის ბიბლიოთეკა ; ტ. 9. პირველი სერია
_916094
653 _aირანული პოეზია
700 _aკოტეტიშვილი, ვ
_eშემდგენელი
_91354
700 _aახვლედიანი, გ
_eმთარგმნელი
_92910
942 _2udc
_cBK